[Event "Sochi Amateur op 6th"]
[Site "Sochi"]
[Date "2019.04.11"]
[Round "7"]
[White "Shapiyanov, Adam"]
[Black "Alikhanyan, Zorik"]
[Result "1-0"]
[WhiteElo "1903"]
[BlackElo "1461"]
[PlyCount "69"]
[EventDate "2019.04.07"]
[EventType "swiss"]
[EventRounds "9"]
[EventCountry "RUS"]
[SourceTitle "CBM 189 Extra"]
[Source "ChessBase"]
[SourceDate "2019.06.03"]
[SourceVersion "1"]
[SourceVersionDate "2019.06.03"]
[SourceQuality "1"]

1. e4 c5 2. Nf3 d6 3. d4 cxd4 4. Nxd4 Nf6 5. Nc3 g6 6. f3 Bg7 7. Be3 a6 8. Qd2 h5 9. 0-0-0 Nc6 10. Kb1 Nd7 11. f4 Qc7 12. Nd5 Qb8 13. f5 Nxd4 14. Bxd4 Ne5 15. Nb6 gxf5 16. Nxa8 Qxa8 17. Bd3 Bh6 18. Qc3 Bg7 19. exf5 Bd7 20. Rhe1 Qc8 21. Qxc8+ Bxc8 22. Be4 h4 23. Re3 Rh5 24. h3 Bxf5 25. Bxb7 Rg5 26. Ra3 Nc4 27. Rxa6 e5 28. Bf2 e4 29. Bc6+ Ke7 30. Bxh4 Bf6 31. Bxg5 Bxg5 32. g4 Bg6 33. Ra4 Nd2+ 34. Rxd2 Bxd2 35. Bxe4 1-0

[Event "Sochi Amateur op 6th"]
[Site "Sochi"]
[Date "2019.04.10"]
[Round "6"]
[White "Alikhanyan, Zorik"]
[Black "Strebkov, Vladimir"]
[Result "1/2-1/2"]
[WhiteElo "1461"]
[BlackElo "1891"]
[PlyCount "46"]
[EventDate "2019.04.07"]
[EventType "swiss"]
[EventRounds "9"]
[EventCountry "RUS"]
[SourceTitle "CBM 189 Extra"]
[Source "ChessBase"]
[SourceDate "2019.06.03"]
[SourceVersion "1"]
[SourceVersionDate "2019.06.03"]
[SourceQuality "1"]

1. d4 Nf6 2. c4 g6 3. Nf3 Bg7 4. b3 c5 5. e3 0-0 6. Bb2 d5 7. dxc5 Qa5+ 8. Nbd2 Rd8 9. cxd5 Rxd5 10. Bc4 Rd8 11. 0-0 Bg4 12. Qc2 Nbd7 13. Bc3 Qxc5 14. Qb2 Rac8 15. Rac1 Nb6 16. Bxf7+ Kxf7 17. Ne5+ Ke8 18. Nxg4 Nxg4 19. Bxg7 Qd6 20. Nf3 Rxc1 21. Rxc1 Qd1+ 22. Ne1 Qd6 23. Nf3 Qd1+ 1/2-1/2

[Event "Sochi Amateur op 6th"]
[Site "Sochi"]
[Date "2019.04.09"]
[Round "4"]
[White "Alikhanyan, Zorik"]
[Black "Egorov, Mikhail1111"]
[Result "0-1"]
[WhiteElo "1461"]
[BlackElo "1928"]
[PlyCount "70"]
[EventDate "2019.04.07"]
[EventType "swiss"]
[EventRounds "9"]
[EventCountry "RUS"]
[SourceTitle "CBM 189 Extra"]
[Source "ChessBase"]
[SourceDate "2019.06.03"]
[SourceVersion "1"]
[SourceVersionDate "2019.06.03"]
[SourceQuality "1"]

1. d4 d5 2. c4 dxc4 3. e4 e5 4. d5 Bd6 5. Bxc4 Nd7 6. Nf3 Ne7 7. Nc3 Nf6 8. Bg5 Ng6 9. Qe2 a6 10. a4 h6 11. Be3 0-0 12. h3 Nh5 13. g3 Qe7 14. Qd2 Kh7 15. Nh4 Nxh4 16. gxh4 Qxh4 17. 0-0-0 Nf4 18. Rdg1 Bd7 19. Ne2 b5 20. Bd3 Nxd3+ 21. Qxd3 bxa4 22. Qc3 c6 23. Qd3 cxd5 24. Qxd5 Rac8+ 25. Kb1 Bc6 26. Qxd6 Bxe4+ 27. Ka1 Bxh1 28. Rxh1 Rfe8 29. Ng3 a3 30. Qxa3 Rc4 31. Qd3+ g6 32. Qd7 Re7 33. Qd8 Ra4+ 34. Kb1 Qc4 35. Qxe7 Qd3+ 0-1

[Event "Sochi ChessAmateur op10"]
[Site "Sochi"]
[Date "2018.10.15"]
[Round "5"]
[White "Alikhanyan, Zorik"]
[Black "Butvin, Andrey"]
[Result "1-0"]
[WhiteElo "1437"]
[BlackElo "1802"]
[PlyCount "33"]
[EventDate "2018.10.12"]
[EventType "swiss"]
[EventRounds "9"]
[EventCountry "RUS"]
[SourceTitle "CBM 187 Extra"]
[Source "ChessBase"]
[SourceDate "2018.11.04"]
[SourceVersion "1"]
[SourceVersionDate "2018.11.04"]
[SourceQuality "1"]

1. d4 Nf6 2. c4 g6 3. Nf3 Bg7 4. e3 0-0 5. Nc3 c5 6. Bd3 d5 7. dxc5 Na6 8. cxd5 Nxc5 9. Bc2 b5 10. b4 Nfe4 11. Nxe4 Nxe4 12. Nd4 Nc3 13. Qd2 Nxd5 14. Rb1 a6 15. Nc6 Qd7 16. Qxd5 Bc3+ 17. Kf1 1-0

[Event "Sochi ChessAmateur op"]
[Site "Sochi"]
[Date "2018.04.03"]
[Round "4"]
[White "Ulyankin, Igor"]
[Black "Alikhanyan, Zorik"]
[Result "1-0"]
[WhiteElo "1996"]
[BlackElo "1419"]
[PlyCount "89"]
[EventDate "2018.04.01"]
[EventType "swiss"]
[EventRounds "9"]
[EventCountry "RUS"]
[SourceTitle "CBM 184 Extra"]
[Source "ChessBase"]
[SourceDate "2018.06.28"]
[SourceVersion "1"]
[SourceVersionDate "2018.06.28"]
[SourceQuality "1"]

1. e4 c5 2. Nf3 e6 3. c4 d6 4. Nc3 Nf6 5. d4 cxd4 6. Nxd4 Be7 7. Be2 0-0 8. Nc2 a6 9. 0-0 Nbd7 10. Be3 b6 11. Qd2 Bb7 12. f3 Qc7 13. Rac1 Rad8 14. Qe1 Kh8 15. Qf2 Rg8 16. Rfd1 g5 17. g4 Rg6 18. Nd4 Rdg8 19. Qg3 h5 20. h3 h4 21. Qh2 Qb8 22. a3 Bd8 23. b4 Bc7 24. Qg2 Ne5 25. Nb3 Ned7 26. Rd2 Qc8 27. Qf2 Rd8 28. Na4 Qa8 29. Rdd1 Bxe4 30. fxe4 Nxe4 31. Qg2 Ng3 32. Bf3 Qb8 33. Nd4 Ne5 34. Nc6 Nxf3+ 35. Qxf3 Qb7 36. Kg2 Rf8 37. Nd4 Qc8 38. Bf2 f5 39. Bxg3 fxg4 40. Qxg4 hxg3 41. Rf1 Qb7+ 42. Kg1 Rf2 43. Qxg3 Rff6 44. Qg2 Qc8 45. Nc3 1-0

[Event "Sochi ChessAmateur op"]
[Site "Sochi"]
[Date "2018.04.01"]
[Round "1"]
[White "Alikhanyan, Zorik"]
[Black "Guempel, Viktor"]
[Result "0-1"]
[WhiteElo "1419"]
[BlackElo "2148"]
[PlyCount "44"]
[EventDate "2018.04.01"]
[EventType "swiss"]
[EventRounds "9"]
[EventCountry "RUS"]
[SourceTitle "CBM 184 Extra"]
[Source "ChessBase"]
[SourceDate "2018.06.28"]
[SourceVersion "1"]
[SourceVersionDate "2018.06.28"]
[SourceQuality "1"]

1. d4 d5 2. e3 Nf6 3. f4 c5 4. Nf3 Nc6 5. Bd3 Bg4 6. 0-0 cxd4 7. h3 Bxf3 8. Qxf3 e6 9. e4 dxe4 10. Bxe4 Nxe4 11. Qxe4 Be7 12. Nd2 0-0 13. Nf3 Qb6 14. Kh1 Rad8 15. Ng5 Bxg5 16. fxg5 Qb5 17. Rf3 Qd5 18. Qe1 e5 19. Rf5 Qe6 20. g4 d3 21. Qf2 Qd5+ 22. Kh2 d2 0-1

[Event "Sochi Doroshkevich Amateur op"]
[Site "Sochi"]
[Date "2017.12.24"]
[Round "4"]
[White "Prishchenko, Andrey"]
[Black "Alikhanyan, Zorik"]
[Result "0-1"]
[WhiteElo "1430"]
[BlackElo "1418"]
[PlyCount "38"]
[EventDate "2017.12.21"]
[EventType "swiss"]
[EventRounds "9"]
[EventCountry "RUS"]
[SourceTitle "CBM 182 Extra"]
[Source "ChessBase"]
[SourceDate "2018.02.23"]
[SourceVersion "1"]
[SourceVersionDate "2018.02.23"]
[SourceQuality "1"]

1. e4 e5 2. Nf3 Nc6 3. Nc3 Nf6 4. d4 exd4 5. Nxd4 Bb4 6. Nxc6 bxc6 7. Bd3 Qe7 8. Qe2 d5 9. exd5 Qxe2+ 10. Bxe2 Nxd5 11. Bd2 Bf5 12. Bf3 0-0-0 13. 0-0-0 Nxc3 14. bxc3 Bc5 15. Bxc6 Rd6 16. Ba4 Ba3+ 17. Kb1 Rhd8 18. Rhe1 Rxd2 19. Rxd2 Rxd2 0-1

[Event "Sochi Doroshkevich Amateur op"]
[Site "Sochi"]
[Date "2017.12.21"]
[Round "1"]
[White "Alikhanyan, Zorik"]
[Black "Makoveev, Ilya"]
[Result "0-1"]
[WhiteElo "1418"]
[BlackElo "2137"]
[PlyCount "54"]
[EventDate "2017.12.21"]
[EventType "swiss"]
[EventRounds "9"]
[EventCountry "RUS"]
[SourceTitle "CBM 182 Extra"]
[Source "ChessBase"]
[SourceDate "2018.02.23"]
[SourceVersion "1"]
[SourceVersionDate "2018.02.23"]
[SourceQuality "1"]

1. e4 c5 2. Nf3 d6 3. c3 Nf6 4. Bb5+ Bd7 5. Bxd7+ Nbxd7 6. Qe2 g6 7. d4 Bg7 8. e5 dxe5 9. dxc5 e4 10. Ng5 Nxc5 11. Qb5+ Nfd7 12. Be3 a6 13. Qe2 Nd3+ 14. Kf1 Nf6 15. Bd4 Nf4 16. Qe3 e5 17. Bxe5 Ng4 18. Qxe4 Nxe5 19. Nf3 Qd1+ 20. Ne1 0-0-0 21. Qxf4 Qxe1+ 22. Kxe1 Nd3+ 23. Ke2 Nxf4+ 24. Kf3 Nd3 25. Na3 Nxb2 26. Rab1 Na4 27. c4 Rd3+ 0-1